000 00661nmm a2200253 a 4500
003 AR-BaBNM
005 20251128205523.0
008 217119s1984 ||||||||||||||000 | spa||
020 _a950-515-207-8
040 _cAR-BaBNM
100 1 _aSamoilovich, Daniel
245 1 0 _aEl mago
_by otros poemas
260 _aBuenos Aires
_bEdiciones de la Flor
_c1984
300 0 _a115 p.
_bil.
650 4 _aLITERATURA ARGENTINA
650 4 _aPOESIA
650 4 _aLITERATURA CONTEMPORANEA
650 4 _aESCRITORES
655 _aLITERATURA
700 1 _aSarlo, Beatriz
_eprologuista
700 1 _aKuitca, Guillermo
_eilustrador
942 _cBK
998 _cMARTIN
999 _c11724
_d11724